000 00748nam a2200229Ii 4500
003 JO-AjNU
008 230605s9999||||xx |||||||||||||| ||und||
017 _a2015/3/1355
020 _a978-9957-99-095-4
040 _aJO-AjNU
_bara
_erda
_cJO-AjNU
041 _aara
050 1 4 _aS561.2016
100 3 _aأبو العينين، روضة قاسم,
_eauthor
_964347
245 0 0 _aإدارة المزارع
250 _aط1
264 3 1 _aعمان: دار امجد للنشر والتوزيع، 2016
300 _a231ص
_bيحتوي على جداول توضيحية
336 _atext
_btxt
_2rdacontent
337 _aunmediated
_bn
_2rdamedia
338 _avolume
_bnc
_2rdacarrier
650 4 _aادارة الاعمال-الزراعة
_964348
999 _aA29237
_c32805
_d32805